ბათუმის შოთა რუსთაველის სახელმწიფო უნივერსიტეტის ბიბლიოთეკა

ლესქები;ბედი ქართლისა. (ბიბ.ჩანაწერი № 39676)

000 -LEADER
fixed length control field 00790nam a2200205Ia 4500
001 - CONTROL NUMBER
control field 6279
003 - CONTROL NUMBER IDENTIFIER
control field GE_BSU
008 - FIXED-LENGTH DATA ELEMENTS--GENERAL INFORMATION
fixed length control field 181216s||||||||xx |||||||||||||| ||und||
040 ## - CATALOGING SOURCE
Transcribing agency GE_BSU
080 ## - UNIVERSAL DECIMAL CLASSIFICATION NUMBER
Universal Decimal Classification number 821.353.1-11
100 ## - MAIN ENTRY--PERSONAL NAME
Personal name ბარათაშვილი,ნიკოლოზ.
245 ## - TITLE STATEMENT
Title ლესქები;ბედი ქართლისა.
245 ## - TITLE STATEMENT
Statement of responsibility, etc. სარედ.კოლეგია:გრიგოლ,აბაშიძე;პავლე,ინგოროყვა;დევი,სტურუა;ვახტანგ,ჭელიძე.
260 ## - PUBLICATION, DISTRIBUTION, ETC.
Place of publication, distribution, etc. თბილისი.
260 ## - PUBLICATION, DISTRIBUTION, ETC.
Name of publisher, distributor, etc. საბჭ.საქართველო.
260 ## - PUBLICATION, DISTRIBUTION, ETC.
Date of publication, distribution, etc. 1968.
300 ## - PHYSICAL DESCRIPTION
Extent 92გვ;17სმ.
653 ## - INDEX TERM--UNCONTROLLED
Uncontrolled term ლექსები.პოემა.
942 ## - ADDED ENTRY ELEMENTS (KOHA)
Koha item type წიგნი

არაა ხელმისაწვდომი ეგზემპლარები.